000 00300 a2200145 4500
001 181507
020 _a
040 _cMagnum
100 _aWhite, John (Org.)
240 1 0 _aIluminacao interior
_lpor
245 1 0 _aIluminacao interior
362 0 _a1899
697 _aMAGNITO: GERAL
942 _cBK
999 _c181507
_d181507